All about dinosaurs / Linda Ashcraft ; ... Read More
Available copies
- 1 of 1 copy available at LARL/NWRL Consortium.
Current holds
0 current holds with 1 total copy.
Show Only Available Copies
| Location | Call Number / Copy Notes | Barcode | Shelving Location | Status | Due Date |
|---|---|---|---|---|---|
| Thief River Falls Public Library | Guided Reading C-6 (Text) | 35500001916780 | Main | Available | - |
Record details
- ISBN: 1562705458 (pbk.)
- Physical Description: 9 p. : col. ill. ; 21 cm.
- Publisher: Carlsbad, CA : Dominie Press, 1996.
Content descriptions
| General Note: | "Set 2" |
Search for related items by series
| LDR | 00692nam a2200169 a 4500 | ||
|---|---|---|---|
| 001 | 37297 | ||
| 003 | LARL_NWRL_CONSORTIUM | ||
| 008 | 011210s1996 caua b 000 0 eng d | ||
| 020 | . | ‡a1562705458 (pbk.) | |
| 100 | 1 | . | ‡aAshcraft, Linda. |
| 245 | 1 | 0. | ‡aAll about dinosaurs / ‡cLinda Ashcraft ; illustrations by Rick Faust. |
| 260 | . | ‡aCarlsbad, CA : ‡bDominie Press, ‡c1996. | |
| 300 | . | ‡a9 p. : ‡bcol. ill. ; ‡c21 cm. | |
| 490 | 0 | . | ‡aTeacher's choice |
| 500 | . | ‡a"Set 2" | |
| 901 | . | ‡a37297 ‡bISxN ‡c37297 ‡tbiblio | |

Add to basket
Permalink
Disable Highlighting